01054nam a2200241 a 4500001001000000005001700010008004100027041001100068044000600079050002100085245026300106260006000369300003700429500003200466500000800498546003500506600007400541700003200615700003300647700002400680700002200704740008600726BRCA_748420190320205844.0250413s1939----u--a###f##---#000-0#eng-# aengspa au 4aZ8158b.S86 193910aA critical bibliography of editions of the Don Quixote: printed between 1605 and 1917ccompiled and described by Juan Suñe Benages and Juan Suñe Fonbuena, continued down to 1937 by the first of these authors and how edited by J. D. M. Ford & C. T. Kelle. aMassachusetts, Estados UnidosbHarvard Universityc1939 axvii, 72 p.bil., tablasc25 cm. aEdición de cantos dorados aR12 aTexto en: inglès y español14aCervantes Saavedra, Miguel ded1547-1616tDon QuijotevBibliografía1 aSuñe Benages, Juanecomp.1 aSuñe Fonbuena, Juanecomp.1 aFord, J. D. M.eed.1 aKelle, C. T.eed.0 aBibliografía crítica de ediciones del Quijote, impresas desde 1605 hasta 1917